000 01271cam a22003377a 4500
003 CHAP
005 20220329141806.0
008 971013s1984 r 00010 d
010 _a73903
011 _a74875
035 _a84434
040 _cCHAP
090 _aFolleto 11213
100 0 0 _aCardozo Brum, Myriam.
_918929
245 1 3 _aLa política científica y tecnológica del estado mexicano a partir de 1970
_b: prioridades en investigación, actividades de apoyo y planeación reciente
260 _aMéxico, D.F. :
_bCIDE. Departamento de Administración Pública,
_c1984
300 _a81 p.
490 0 _aCIDE. Departamento de Administración pública
_v; 11
590 _aBATCH-UPD
_b10
_c20130110
_lUCH01
_h0425
590 _aBATCH-UPD
_b10
_c20130110
_lUCH01
_h2220
590 _aBATCH-UPD
_b10
_c20130410
_lUCH01
_h0101
590 _aBATCH-UPD
_b10
_c20130914
_lUCH01
_h0932
590 _aCONVERSION
_b10
_c20130109
_lUCH01
_h1340
650 1 4 _aPolítica científica
_xMéxico.
_990467
650 1 4 _aPolítica tecnológica
_xMéxico.
_990714
710 0 _aRedorta Z., G. Esthela.
_995398
830 0 _aCIDE. Departamento de Administración pública
_v; 11
_923091
901 _aBK
942 _cFOLL
949 _aFolleto 11213
_bBC
_cFOLL
_d-39776
_eTS1
_i84434
_mD
_si
999 _c73903
_d73903